000 00920cab a2200289 4500
001 ABS58443
008 090401t1998 xxu||||| |||| 00| 0 eng d
035 _a(Sirsi) u85356
041 _aeng
245 _aInside development
260 _c1998
350 _a0
490 _aInside Housing
_v20 March 1998, 17-25(6)
520 _aAn `Inside Housing` supplement which considers current housing issues. Covers the debate on new homes, why new homes are important for rural communities, sustainable development, empty homes and community regeneration organisations.
650 _aEMPTY HOMES
650 _aEnvironment
_96238
650 _aFUNDING
650 _aHOUSING DEVELOPMENT
650 _aNEW HOMES
650 _aRURAL REGENERATION
650 _aSUSTAINABLE DEVELOPMENT
650 _aURBAN DEVELOPMENT
650 _aURBAN REGENERATION
690 _aHOUSING
942 _n0
948 _c31/03/1998
999 _c53670
_d53670